Marine Animals - Sudden Death - Statistics

General Stats
  • This quiz has been taken 7,620 times
    7,529 since last reset
  • The average score is 9 of 16
Answers on the Grid
Answers color-coded by a green-red scale on the quiz's grid according to % correct below.
Aphid
Bandicoot
Beluga
Brain coral
Cheetah
Chipmunk
Crucian carp
Dogfish
Flycatcher
Flying fish
Giant clam
Haddock
Hammerhead shark
Humpback whale
Katydid
Leopard seal
Mackerel
Mandrill
Moray eel
Nautilus
Peregrine Falcon
Red snapper
Rhesus macaque
Rockhopper penguin
Springbok
Starling
Tarantula
Toucan
Wallaby
Walrus
Weevil
Yellowfin tuna
 
Answer Stats
Answer % Correct
Hammerhead shark
66%
Humpback whale
66%
Yellowfin tuna
64%
Beluga
62%
Moray eel
62%
Flying fish
60%
Leopard seal
60%
Giant clam
59%
Walrus
59%
Mackerel
57%
Brain coral
53%
Red snapper
52%
Dogfish
48%
Nautilus
44%
Haddock
42%
Rockhopper penguin
37%
No matching quizzes found
Score Distribution
Percent of People with Each Score
Percentile by Number Answered
Your Score History
You have not taken this quiz since the last reset